000 00302nam a22001337a 4500
082 _a894.812
_bLAS/K
100 _aLASHIN, N
245 _aKANAKKILE KALIKAL
246 _aKANAKKILE KALIKAL
_bKANAKKILE KALIKAL
260 _aTHRISSUR
_bH& C
_c2007
300 _a80
650 _aMALAYALAM G K
942 _cBK
999 _c8978
_d8978